| Tag |
First Indicator |
Second Indicator |
Subfields |
| LEADER |
00000cam a2200000 4500 |
| 001 |
in00000083534 |
| 005 |
20151008053114.0 |
| 008 |
750915s1939 nyu b 00010 eng |
| 010 |
|
|
|a 39013823
|
| 035 |
|
|
|a (OCoLC)01625951
|
| 035 |
|
|
|9 AAH6225AM
|
| 040 |
|
|
|a DLC
|c FNP
|d TXA
|d UtOrBLW
|
| 049 |
|
|
|a TXAM
|c [102229]
|
| 050 |
|
0 |
|a TK1001
|b .B3
|
| 092 |
|
|
|a 380.166
|b B344e
|
| 100 |
1 |
|
|a Bauer, John,
|d 1881-
|
| 245 |
1 |
4 |
|a The electric power industry ;
|b development, organization, and public policies /
|c [by] John Bauer and Nathaniel Gold. With the technical cooperation of Alfred E. Shaw.
|
| 264 |
|
1 |
|a New York,
|a London :
|b Harper,
|c 1939.
|
| 300 |
|
|
|a xii, 347 pages including tables. ;
|c 24 cm.
|
| 336 |
|
|
|a text
|b txt
|2 rdacontent
|
| 337 |
|
|
|a unmediated
|b n
|2 rdamedia
|
| 338 |
|
|
|a volume
|b nc
|2 rdacarrier
|
| 500 |
|
|
|a "First edition."
|
| 504 |
|
|
|a "Selected bibliography": pages 341-344.
|
| 650 |
|
0 |
|a Electric power.
|
| 650 |
|
0 |
|a Electric industries
|z United States.
|
| 700 |
1 |
|
|a Gold, Nathaniel.
|
| 700 |
1 |
|
|a Shaw, Alfred Eugene,
|d 1898-
|
| 999 |
|
|
|a MARS
|
| 999 |
f |
f |
|s d8d517de-2160-3fb9-8f38-d2e30e0a8fb6
|i 77708016-0623-341e-98bd-968825418b6d
|t 0
|
| 952 |
f |
f |
|p ric
|a Texas A&M University
|b Rellis Campus
|c Joint Library Facility
|d Remote Storage
|t 0
|e TK1001 .B3
|h Library of Congress classification
|i unmediated -- volume
|m A14800873094
|
| 998 |
f |
f |
|a TK1001 .B3
|t 0
|l Remote Storage
|